01311nam a2200205 i 4500001000700000003000900007005001700016008004100033100004000074245033900114260008200453300003100535597005000566597005000616650004500666650004300711852020600754999001900960952012600979158802ES-MaACL20250907063121.0931025s1651 sp |||| | spa d0 aMárquez, Juan, d1565-162197700913aEl Gouernador christiano : bdeducido de las vidas de Moysen y Iosue, principes del pueblo de Dios / cpor el maestro Fray Iuan Marquez, de la Orden de San Agustin... ; con cuatro tablas copiosas : la primera de los capitulos, la segunda de las questiones, la tercera de las cosas notables, y la cuarta de los lugares de la escritura. aEn Madrid : bpor Gregorio Rodriguez : ba costa de Antonio Ribero...,c1651. a[8], 401, [44] p. ; cFol. aSign.: [calderón]4, A-Z8, 2A-2E8, 2F2, 2G1. aPort. con orla tip., a dos tintas y esc. xil. 7aEducación de príncipes2embne912100 4aÉtica política-zEspaña.9151908 aES-MaACLjR-1111 z- Enc. piel azul marino grabada, con hierros dorados, en caja rígida z- Ex-libris ms.: "Este tomo es de Fr. Man. Pérez, hijo del Monasterio de la Regina?" xOlim:G-1650 c158802d158802 001040708LIBXVIIaATENEOMbATENEOMcDEPOd2008-01-17eSSCl0oR-1111p1166216r2023-02-23 00:00:00w2023-02-23yMONANT